| 000 -LEADER |
| fixed length control field |
01618pab a2200181 454500 |
| 008 - FIXED-LENGTH DATA ELEMENTS--GENERAL INFORMATION |
| fixed length control field |
180718b2003 xxu||||| |||| 00| 0 eng d |
| 100 ## - MAIN ENTRY--PERSONAL NAME |
| Personal name |
Bhamrah, P.J.S. |
| 245 ## - TITLE STATEMENT |
| Title |
Water resources management by conjunctive waters use, water harvesting and artificial recharge techniques |
| 260 ## - PUBLICATION, DISTRIBUTION, ETC. |
| Date of publication, distribution, etc. |
2003 |
| 300 ## - PHYSICAL DESCRIPTION |
| Extent |
p.319-326. |
| 362 ## - DATES OF PUBLICATION AND/OR SEQUENTIAL DESIGNATION |
| Dates of publication and/or sequential designation |
Jul-Sep |
| 520 ## - SUMMARY, ETC. |
| Summary, etc. |
This article deals with water resources' (surface and groundwater) volumetric assessments and estimates their utilisation in irrigational and domestic needs. It is a fact that the fresh and potable water, although renewable, is very limited. There is growing shortage of usable water world over and it is going to be a major issue of the present country. Over exploitation of groundwater has created a very dangerous situation of declining water tables causing failures/drying of tube wells and deepening of abstractin structures leading to higher costs of pumping systems. The result studies of few projects undertaken and recommendations for saving and conservation of water have been elaborated. It discusses measure's to over come the water crisis by developing a strategy with water security including conservation, saving and management so as to chanellise water from where it is plentiful to places, where it is deficient and scarce. It emphasises that efficient water management should be the main thrust for economic development because our country has plenty of water resources. - Reproduced. |
| 650 ## - SUBJECT ADDED ENTRY--TOPICAL TERM |
| Topical term or geographic name entry element |
Harvesting |
| 650 ## - SUBJECT ADDED ENTRY--TOPICAL TERM |
| Topical term or geographic name entry element |
Water resources management |
| 773 ## - HOST ITEM ENTRY |
| Main entry heading |
Indian Journal of Public Administration |
| 908 ## - PUT COMMAND PARAMETER (RLIN) |
| Put command parameter |
N |
| 909 ## - |
| -- |
58575 |